[Marečková, Jozefína]

Zobrazenie: Podobizeň spisovateľky, publicistky, redaktorky Jozefíny Marečkovej z roku 1909 (1.3.1880 Petrova Ves - 25.2.1953 Holíč). Na fotografii je text Puella Classica (spisovateľkin pseudonym), Budapest 1909.

Bibliographic Details
Format: Photo
Language:Hungarian
PhysicalDescription:1 fotografia v hnedom tóne 14 x 10 cm
Published: [S.l. s.n.] [1909]
Subjects:

MARC

LEADER 00000nkmaa2200000 a 4500
001 vtls011968205
003 SK-MaSNL
005 20260301225624.0
007 kh ao
008 230802s1909 hu | |||0 k|hun
035 |a urn:nbn:sk:snk-km00ejd4 
035 |a urn:nbn:sk:snk-km45w4p 
035 |a 4A2AF4E1-BFD0-470E-9351-D7E12868F5DB 
040 |a SNKLA  |b slo  |c SNKLA  |e AACR2 
041 0 |a hun 
044 |a hu  |c HU 
245 0 0 |a [Marečková, Jozefína]  |h grafika 
260 |a [S.l.  |b s.n.]  |c [1909] 
300 |a 1 fotografia  |b v hnedom tóne  |c 14 x 10 cm 
520 2 |a Zobrazenie: Podobizeň spisovateľky, publicistky, redaktorky Jozefíny Marečkovej z roku 1909 (1.3.1880 Petrova Ves - 25.2.1953 Holíč). Na fotografii je text Puella Classica (spisovateľkin pseudonym), Budapest 1909. 
600 1 7 |a Marečková, Jozefína,  |d 1880-1953  |2 SNKMA  |9 131148 
655 7 |a portrétne fotografie  |2 SNKPH  |9 305796 
852 |a Slovenská národná knižnica  |b Literárny archív 
852 7 |a Slovenská národná knižnica  |b Literárny archív 
958 |a ZO 
958 |a BLA 
999 |c 951581  |d 953511 
952 |a SNKLA  |b SNKLA  |c SNKLA_DEP  |y NEVYP  |7 0  |p 17A1310821  |o snkSM 110/33  |i snkLA 1164/1982  |0 0  |1 0  |4 0  |d 2020-05-21  |f 1  |l 0  |r 2026-02-24 09:51:02  |w 2026-02-24